| 000 | 00784nam a2200289Ia 4500 | ||
|---|---|---|---|
| 008 | 160803s9999 xx 000 0 und d | ||
| 020 | _a978-0590465885 | ||
| 100 | _aMatas, Carol | ||
| 245 | _aDaniel's story / | ||
| 245 | _cCarol Matas. | ||
| 260 | _aNew York : | ||
| 260 | _bScholastic Inc. | ||
| 260 | _c1993 | ||
| 300 | _a136 pages : | ||
| 300 | _bmaps ; | ||
| 300 | _c22 cm | ||
| 650 | _aConcentration camps -- | ||
| 650 | _aConcentration camps -- | ||
| 650 | _aHolocaust, Jewish (1939-1945) -- | ||
| 650 | _aHolocaust, Jewish (1939-1945) -- | ||
| 650 | _aJuifs -- Extermination (1939-1945) -- Romans pour la jeunesse. | ||
| 650 | _xFiction. | ||
| 650 | _xFiction. | ||
| 650 | _xJuvenile fiction. | ||
| 650 | _xJuvenile fiction. | ||
| 700 | _a720 | ||
| 999 |
_c298726 _d298726 |
||